Statistics for Fallout Enemies Quiz

Click here to take the quiz!

General Stats

  • This quiz has been taken 59 times
    (54 since last reset)
  • The average score is 30 of 41

Answer Stats

HintAnswer% Correct
Mutated animals with two heads that have been widely domesticated since the Great War for their meat and milk.Brahmin
90%
Animals that have remain seemingly unaltered by radiation (besides some missing spots or even all of thier fur). Often seen as pets for merchants and scavengers, as they provide companionship and protection.Dog / Mongrel / Coyote
90%
Mutated bugs that fly and spit spiked larvae at their prey. Known to be weak, but have great maneuverability and are hard to hit from a distance.Bloatfly
88%
Mutated animal that are very large, strong and agile. Often regarded as the hardest enemy you can face when wandering the wastes.Deathclaw
88%
Humans that were mutated from exposure to the Forced Evolutionary Virus II (FEV-II).Super Mutant
88%
Ghouls that have lost the ability to reason and have become aggressive.Feral Ghoul
86%
Ghouls that luminate and release blasts of radiation.Glowing One
86%
Mutated bugs that are much larger versions of their pre-mutated selves, but are still weak and do not do much damage. Often referred as the weakest enemy you can encounter.Radroach
83%
Gangs of people that will attack anyone in search of valuable loot, food, and caps.Raiders
83%
Mutated animals that are almost entirely encased in a extremely hard shell. They have razor sharp claws and are less resistant to attacks to their faces and abdomen areas.Mirelurk
81%
Robots that are commonly docile and are often equipped with a buzzsaw and a flamethrower. They have the ability to hover, they have three eyes, and they have three arms.Mister Handy
81%
Sentient beings manufactured by the Institute that can appear skeletal or indistinguishable from humans.Synth
81%
Mutated bugs the are massive versions of their pre-mutated forms. They attack by stabbing their knife-like proboscis into the soft tissue of their prey and then feed off of their blood.Bloodbug
79%
Mutated mix of humans, dogs, and other animals created by the master. Can often be found accompanying humans that were also mutated by the FEV-II.Centaur
79%
Elite warriors in the Master's army with blue skin. Known for psychological damage from excessive Stealth Boy usage.Nightkin
76%
Mutated animals that were named by those held in Chinese internmnet camps before the Great War. These animals are aggressive and extremely viscous with their razor sharp claws and teeth.Yao Guai
76%
Small all-purpose robots that are often found wandering the wastes playing radio stations and fighting mutated creatures.EyeBot
74%
Mutated animals that are carnivourous reptiles that pack "a nasty bite." Their color and size differs greatly based on species and they are commonly found throughout the Mojave.Gecko
74%
A thought-to-be extinct creature that is only found synthetically in the Institute created from pre-war DNA.Gorilla
74%
Mutated animals with sharp claws and tusks. They travel in small packs and are the result of gene-splicing Kodiak bears with maladjusted lab rats.Mole Rat
74%
Mutated dogs that were created by the FEV-II. They are often found accompanying their human mutated counterparts.Mutant Hound
74%
Mutated bugs that are the result of DNA experiments. They fly, are extremely fast, and are extremely venomous. They have distinctive amber-orange wings, a blue-black carapace and blood-red eyes.Cazador
71%
Group of mercenaries that are highly trained and organized. They also have high tech gear and military grade technology.Gunners
71%
Robots that are designed to be work drones. They are slow and robust, but are capable of using laser weapons at a range and may bash enemies with their heavy arms in close-combat.Protectron
71%
Mutated bugs created when trying to reverse previous mutation. This only caused the bugs to gain flammable venom, and they learned to ignite it with a spark made by clicking their mandibles.Fire Ant
69%
Robots that are militarized and built for combat. They have the ability to hover, have three eyes, and three arms. They are also equipped with highly damaging plasma weapons.Mister Gutsy
69%
Mutated bugs with hard skin, venomous stingers, and ranges from to size of a sofa to the size of a car.Radscorpion
69%
Robots that the heaviest class of combat robots. These robots are highly maneuverable and are well equipped with gatling lasers and missile launchers.Sentry Bot
69%
Robots that are built for combat and extremely dangerous. They are shaped around the human body, can run extremely fast, and are well equipped with a highly powered charged laser on it's head.Assaultron
67%
Robots that utilize unique cybernetic brains to function. They have laser weapon capabilities and a built-in Mesmetron that instantly cripples the head of it's enemies and gives them a concussion.Robobrain
67%
Mutated animals that have been domesticated for their horns, meat, milk, and hides. Wild herds can often be found in mountainous regions and are somewhat aggressive.Bighorner
64%
Mutated bugs created from exposure to the FEV. Their increased size and strength make them very dangerous and their mandibles are capable of cutting through leather, plastic, and even bone.Giant Ant
64%
Mutated animals that are primarily prey, but will attack when backed into a corner. They also have two heads, are fast, and resilient.Radstag
64%
Humanoid race from an unknown planet. They only thing known about them is that they use their ability of space travel to study other planets and species.Zetan Alien
64%
Mutated bugs that fly and have a venomous stinger. It is one of the fiercest insects in the Commonwealth, pursuing prey relentlessly and stinging it to death.Stingwing
62%
Mutated bugs with green skin. Is found very often around the Mojave Wasteland.Giant Mantis
57%
Mutated animals that were created as a genetic hybrid of rattlesnake and coyote DNA in order to preserve the DNA of rattlesnake, which was on the verge of extinction.Night Stalker
57%
Creatures that are reanimated dead humans, infested and colonized by a mutated entomopathogenic fungus. They are now mindless beast whose sole purpose is spreading spores.Spore Carrier
52%
Mutated animals that live around bodies of water and survive in pure water. They are capable of emitting long-distance sonic pulse waves to stun and confuse their enemies before swiping at the prey with their claws.Lakelurk
50%
Group of mercenaries that are well equipped and relentlessly hunt down those with bounties on their heads.Talon Company
48%
Mutated animals that travel in packs. They are larger versions of their pre-mutated forms and are regarded as vermin, but serve as a food source in the Mojave.Giant Rat
40%

Score Distribution

Percentile by Number Answered

Percent of People with Each Score

Your Score History

You have not taken this quiz since the last reset